| 000 | 00672nam a2200205Ia 4500 | ||
|---|---|---|---|
| 003 | OSt | ||
| 005 | 20250812140733.0 | ||
| 008 | 210210b2003 xxu||||| |||| 00| 0 eng d | ||
| 040 | _cAL | ||
| 041 | _ahin | ||
| 082 | _aH491 NAGP | ||
| 100 |
_aNagalaxmi S _9202703 |
||
| 110 |
_bनागलक्ष्मी एस _9202704 |
||
| 245 |
_aPrayojanmulak hindi prasangikata evam paridrashya: _bप्रायोजनमूलक हिंदी प्रासंगिकाता एवं परिद्रश्य |
||
| 260 |
_aMathura _bJavahar Pustakalay _c2003 |
||
| 300 | _a320p | ||
| 690 |
_aHindi Language _9202705 |
||
| 906 | _a058391 | ||
| 942 |
_2ddc _cBK |
||
| 999 |
_c105867 _d105867 |
||